| 000 | 00721nam a22001577a 4500 | ||
|---|---|---|---|
| 999 |
_c80604 _d80604 |
||
| 008 | 201130b ||||| |||| 00| 0 eng d | ||
| 040 |
_bger _cSTAFF _erda _aSTAFF |
||
| 041 | _ager | ||
| 100 | _aWaldmann, Nancy: | ||
| 245 |
_a20 Jahre und immer noch strittig: _bWikipedia: Intransparenz und fachliche Mängel bescheinigt der Viadrina-Medienrechtler Johannes Weberling der Online-Enzyklopädie. Krzystof Wojciechowski würde ihr auch heute ein Denkmal setzen/ _cNancy Waldmann |
||
| 773 |
_dFrankfurt (Oder): Märkisches Verlags- und Druckhaus GmbH & Co KG _g32. Jahrgang (2021) Nr. 13 vom 16./17.01.2021, S. 16 _tMärkische Oderzeitung |
||
| 942 | _cA | ||